Hašterenie určite nikomu neprospieva

S Radekom Mannom o situácii na trhu finančného poradenstva. Začiatky na slovenskom trhu. Konkurencia na trhu. Akcionár a nezávislosť poradenstva. Klientela finančného poradcu. Provízie. Asociácia finančných poradcov.

Salvato in:
Dettagli Bibliografici
Autore principale: Škriniar, Pavel, 1979-
Natura: Capitolo di libro
Lingua:slovacco
Soggetti:
Tags: Aggiungi Tag
Nessun Tag, puoi essere il primo ad aggiungerne!!

MARC

LEADER 00000naa$a2200000$$$4500
001 0091441
005 20240502072023.7
041 0 |a slo 
044 |a SK 
245 1 0 |a Hašterenie určite nikomu neprospieva  |c Pavel Škriniar 
520 |a S Radekom Mannom o situácii na trhu finančného poradenstva. Začiatky na slovenskom trhu. Konkurencia na trhu. Akcionár a nezávislosť poradenstva. Klientela finančného poradcu. Provízie. Asociácia finančných poradcov. 
610 2 0 |a poradenstvo finančné 
610 2 0 |a trh 
610 2 0 |a konkurencia 
610 2 0 |a klienti 
610 2 0 |a akcionári 
100 1 |a Škriniar, Pavel, 1979-